Italian Brainrot by Animals - Statistics

General Stats
  • This quiz has been taken 15 times
  • The average score is 4 of 15
Answer Stats
Hint Answer % Correct
Shark Tralalero Tralala
80%
Cat Trippi Troppi
60%
Elephant Lirili Larila
40%
Crocodile Bombardino Crocodilo
30%
Frog Boneca Ambalabu
30%
Monkey Chimpanzini Bananini
30%
Camel Frigo Camelo
30%
Cat Trullimero Trullichina
30%
Octopus Blueberrini Octopussini
20%
Elephant Cocofanto Elephanto
20%
Rhino Rhino Toasterhino
20%
Mouse Tim Cheese
10%
Horse Cavello Virtuoso
0%
Shark Los Tralaleritos
0%
Fish Troppa Trippa
0%
No matching quizzes found
Score Distribution
Percent of People with Each Score
Percentile by Number Answered
Your Score History
You have not taken this quiz